000 00756nam a22002537a 4500
003 UA-OsUOA
001 28873
007 ta
008 20050511b un ||||| |||| 00| 0 ukr d
090 _a94(477)+94(438)
_bУ45
942 _cBK
040 _aUA-OsUOA
_bukr
_cUA-OsUOA
_dUA-OsUOA
245 _aУкраїна- Польща: важкі питання
_bМатеріали IX-X міжнародних семінарів, Варшава, 6-10 листопада 2001р.
_cРед. М. М.Кучерепа
300 _a496 с.
955 _a0
041 _aukr
080 _a94(477)+94(438)
020 _a966-8575-21-0
260 _aЛуцьк
_bВМА "Терен"
_c2004
246 3 1 _aТ. 9
_n
044 _aUA
650 7 _2UDC
999 _c315246
_d315246